00561nam a2200169Ia 4500008004100000020002200041050001800063100003100081245008400112250001000196260002200206300001900228440002200247500008000269650003000349650001200379120626s9999 xx 000 0 und d a978-968-24-7655-604aG154 R35 20071 aRAMÍREZ CAVASSA, César10aGestión administrativa para empresas turísticas cCésar Ramírez Cavassa a3a Ed aMéxicobTrillas a354 páginas  a(Trillas Turismo) aContiene: Prefacio Índice general Bibliografía Índice analítico17aTURISMO-ADMINISTRACIÓN 17aTURISMO